UBT Library

Mathematical structures for computer science / (Record no. 40518)

000 -LEADER
fixed length control field 00572cam a2200217 a 4500
001 - CONTROL NUMBER
control field 3749926
005 - DATE AND TIME OF LATEST TRANSACTION
control field 20180119033131.0
008 - FIXED-LENGTH DATA ELEMENTS--GENERAL INFORMATION
fixed length control field 820309s1982 caua b 001 0 eng
010 ## - LIBRARY OF CONGRESS CONTROL NUMBER
LC control number 82002550
020 ## - INTERNATIONAL STANDARD BOOK NUMBER
International Standard Book Number 0716713055
040 ## - CATALOGING SOURCE
Original cataloging agency DLC
Transcribing agency DLC
Modifying agency DLC
041 ## - LANGUAGE CODE
Language code of text/sound track or separate title eng
080 ## - UNIVERSAL DECIMAL CLASSIFICATION NUMBER
Universal Decimal Classification number 510 jud
082 00 - DEWEY DECIMAL CLASSIFICATION NUMBER
Classification number 510 jud
Edition number 19
100 1# - Rafti
Rafti 36
101 ## - Shkurtesa
Shkurtesa mat
245 10 - TITLE STATEMENT
Title Mathematical structures for computer science /
Statement of responsibility, etc Judith L. Gersting.
504 ## - BIBLIOGRAPHY, ETC. NOTE
Bibliography, etc Includes bibliographies and index.
906 ## - LOCAL DATA ELEMENT F, LDF (RLIN)
a 7
b cbc
c orignew
d 1
e ocip
f 19
g y-gencatlg
942 ## - ADDED ENTRY ELEMENTS (KOHA)
Source of classification or shelving scheme
Item type Books
Holdings
Withdrawn status Lost status Source of classification or shelving scheme Damaged status Not for loan Collection code Permanent location Current location Shelving location Date acquired Total Checkouts Full call number Barcode Date last seen Price effective from Koha item type
          Koleksioni i përgjithshem UBT - Lipjan UBT - Lipjan Koleksioni i përgjithshem 01/19/2018   510 jud 002-2995875 01/19/2018 01/19/2018 Books
UBT Library © 2015-2024. All rights reserved University Education for Business and Technology